| 000 | 00590nam a2200217Ia 4500 | ||
|---|---|---|---|
| 003 | OSt | ||
| 005 | 20250828180117.0 | ||
| 008 | 210423s2004 xx 000 0 und d | ||
| 040 | _cAL | ||
| 041 | _aEnglish | ||
| 082 |
_a331 _bJOSD |
||
| 100 |
_aRama J Joshi _9120727 |
||
| 245 | _aDeveloping a culture of high performance | ||
| 260 |
_aNew Delhi _bSri Ramakrishna math _c2004 |
||
| 365 |
_b325 _cINR |
||
| 650 |
_aEconomics _9120728 |
||
| 650 |
_aLabour Economics _9120729 |
||
| 700 |
_aSodhi, J S _9237416 |
||
| 906 | _aculture ; Developing ; high ; performance | ||
| 942 |
_2ddc _cBK |
||
| 999 |
_c176001 _d176001 |
||